Đối sách của Thái Lan trong việc khắc phục hậu quả chiến tranh thế giới thứ hai /

Сохранить в:
Библиографические подробности
Главный автор: Trần Thị Nhẫn.
Формат: Статья
Язык:Vietnamese
Предметы:
Метки: Добавить метку
Нет меток, Требуется 1-ая метка записи!
Thư viện lưu trữ: Thư viện Trường Đại học Đà Lạt
LEADER 00922nam a2200289 4500
001 DLU210196737
005 ##20210709
040 # # |a DLU  |b vie 
041 # # |a vie 
044 # # |a vn 
100 # # |a Trần Thị Nhẫn. 
245 # # |a Đối sách của Thái Lan trong việc khắc phục hậu quả chiến tranh thế giới thứ hai /  |c Trần Thị Nhẫn. 
653 # # |a Đối sách 
653 # # |a Chiến tranh thế giới thứ hai 
653 # # |a Phát xít 
653 # # |a Thái Lan 
773 # # |t Nghiên cứu Châu Âu  |g Số 5(212), 2018, tr. 41-47 
920 # # |a Phòng Tạp chí -- Trung tâm Thông tin - Thư viện Trường Đại học Đà Lạt 
933 # # |a XH 
994 # # |a DLU 
900 # # |a True 
911 # # |a Hoàng Thị Huyền 
925 # # |a G 
926 # # |a A 
927 # # |a BB 
980 # # |a Thư viện Trường Đại học Đà Lạt